[Event "Tata Steel India Blitz w"]
[Site "Kolkata IND"]
[Date "2024.11.16"]
[Round "1.1"]
[White "Goryachkina, Aleksandra"]
[Black "Koneru, Humpy"]
[Result "1-0"]
[WhiteTitle "GM"]
[BlackTitle "GM"]
[WhiteElo "2528"]
[BlackElo "2530"]
[WhiteFideId "4147103"]
[BlackFideId "5008123"]
[EventDate "2024.11.16"]

1. e4 e5 2. Nf3 Nc6 3. Bb5 a6 4. Ba4 Bc5 5. c3 Nge7 6. d4 exd4 7. cxd4 Bb4+ 8.
Bd2 Bxd2+ 9. Qxd2 d5 10. exd5 Qxd5 11. Nc3 Qe6+ 12. Ne5 O-O 13. O-O-O Nxe5 14.
Rhe1 Nd3+ 15. Qxd3 Qd6 16. Ne4 Qf4+ 17. Qe3 Qxe3+ 18. fxe3 Be6 19. Nc5 Bxa2 20.
Nxb7 Bd5 21. Nc5 Bxg2 22. e4 Bh3 23. Re3 Bc8 24. d5 f6 25. Rc3 Ng6 26. Ne6 Bxe6
27. dxe6 Ra7 28. Rd7 Ne5 29. Rdxc7 Rxc7 30. Rxc7 Ng6 31. e7 Nxe7 32. Rxe7 Rc8+
33. Kd2 Kf8 34. Ra7 Rc4 35. Bc2 Rc6 36. Bd3 Rb6 37. Kc3 Rc6+ 38. Bc4 g5 39. b4 1-0

[Event "Tata Steel India Blitz w"]
[Site "Kolkata IND"]
[Date "2024.11.16"]
[Round "1.2"]
[White "Dzagnidze, Nana"]
[Black "Kosteniuk, Alexandra"]
[Result "0-1"]
[WhiteTitle "GM"]
[BlackTitle "GM"]
[WhiteElo "2518"]
[BlackElo "2487"]
[WhiteFideId "13601903"]
[BlackFideId "4128125"]
[EventDate "2024.11.16"]

1. d4 Nf6 2. c4 e6 3. Nc3 Bb4 4. Bd2 d5 5. Nf3 O-O 6. e3 b6 7. Bd3 dxc4 8. Bxc4
Bb7 9. O-O c5 10. a3 cxd4 11. axb4 dxc3 12. Bxc3 Nbd7 13. Qe2 Qc7 14. Ba6 Bd5
15. Rfc1 Qd6 16. h3 Ne4 17. Be1 Ndf6 18. Nd4 Rad8 19. Bd3 Qb8 20. Nc6 Bxc6 21.
Rxc6 Rc8 22. b5 Rxc6 23. bxc6 Qc7 24. Rc1 Nc5 25. b4 Nxd3 26. Qxd3 Rd8 27. Qc4
h6 28. b5 Rd5 29. Bb4 Ne8 30. e4 Rd8 31. Qa2 Nf6 32. f3 Nh5 33. Ra1 Qe5 34. Be1
Qxb5 35. c7 Qc5+ 36. Bf2 Qxc7 37. Qxa7 Qxa7 38. Rxa7 Rb8 39. Ra4 b5 40. Rb4 Nf6
41. Kf1 Nd7 42. Ke2 Kf8 43. Bg3 Rb7 44. Kd3 Ke7 45. Kd4 f6 46. Bh2 g5 47. Bg3 h5
48. Bh2 e5+ 49. Kd5 Rb6 0-1

[Event "Tata Steel India Blitz w"]
[Site "Kolkata IND"]
[Date "2024.11.16"]
[Round "1.3"]
[White "Vantika, Agrawal"]
[Black "Vaishali, Rameshbabu"]
[Result "1/2-1/2"]
[WhiteTitle "IM"]
[BlackTitle "GM"]
[WhiteElo "2392"]
[BlackElo "2490"]
[WhiteFideId "25050389"]
[BlackFideId "5091756"]
[EventDate "2024.11.16"]

1. d4 Nf6 2. c4 e6 3. Nf3 Bb4+ 4. Bd2 Qe7 5. e3 b6 6. Bd3 Bb7 7. O-O O-O 8. a3
Bxd2 9. Nbxd2 d6 10. e4 e5 11. Re1 Nbd7 12. Nf1 Nh5 13. Ng3 Nxg3 14. hxg3 Rae8
15. Qd2 exd4 16. Nxd4 Ne5 17. Bf1 Qf6 18. Rad1 a6 19. f3 h5 20. b3 g6 21. Qf4
Kg7 22. Qxf6+ Kxf6 23. Kf2 Nc6 24. Nc2 Kg7 25. Ne3 Ne5 26. Be2 a5 27. Rc1 Rc8
28. Red1 Rfe8 29. Rd2 Nd7 30. Rb2 Nc5 31. b4 axb4 32. axb4 Ne6 33. Ra1 Ra8 34.
Rba2 Rxa2 35. Rxa2 Ra8 36. Rxa8 Bxa8 37. Nc2 Kf6 38. Ke3 Ke7 39. Nd4 Nxd4 40.
Kxd4 Bc6 41. c5 bxc5+ 42. bxc5 Ba4 43. cxd6+ cxd6 44. e5 dxe5+ 45. Kxe5 Bc6 1/2-1/2

[Event "Tata Steel India Blitz w"]
[Site "Kolkata IND"]
[Date "2024.11.16"]
[Round "1.4"]
[White "Lagno, Kateryna"]
[Black "Divya, Deshmukh"]
[Result "1-0"]
[WhiteTitle "GM"]
[BlackTitle "IM"]
[WhiteElo "2527"]
[BlackElo "2493"]
[WhiteFideId "14109336"]
[BlackFideId "35006916"]
[EventDate "2024.11.16"]

1. e4 e6 2. d4 d5 3. Nc3 Nf6 4. e5 Nfd7 5. f4 c5 6. dxc5 Nc6 7. Bd2 Nxc5 8. Nf3
Be7 9. Be3 O-O 10. Be2 a6 11. O-O b5 12. a3 Ne4 13. Nxe4 dxe4 14. Nd2 Bb7 15.
Nxe4 Nxe5 16. Nc5 Qb6 17. b4 Rfd8 18. Qe1 Ng6 19. Qf2 Bd5 20. Rad1 Nh4 21. g4
Qc6 22. Bd4 Bg2 23. c3 Bxf1 24. Rxf1 a5 25. Bd3 axb4 26. Be4 Qc8 27. axb4 e5 28.
fxe5 Bxc5 29. Bxa8 Bxd4 30. cxd4 Qxa8 31. Qxh4 Rxd4 32. h3 Qa7 33. Qf2 h6 34.
Kh2 Qd7 35. Qg3 Rd3 36. Rf3 Rd4 37. Rf4 Rd1 38. Rf2 Qd5 39. Qf3 Qxe5+ 40. Kg2
Qe6 41. Qxd1 Qe4+ 42. Qf3 Qc4 43. Qf5 g6 44. Qf4 Qd5+ 45. Kh2 Kg7 46. Qf6+ Kg8
47. Re2 Qd7 48. Qe5 Kh7 49. Rf2 Kg8 50. Qf4 Kg7 51. Rd2 Qe7 52. Qd6 Qe1 53. Qd4+
Kh7 54. Rf2 Qe8 55. Qd5 Kg7 56. Kg2 Kg8 57. Rc2 Kg7 58. Qf3 Qe7 59. Rc5 Qd7 60.
Qd5 Qa7 61. Qe5+ Kh7 62. Rc2 Qa8+ 63. Kg3 Qa3+ 64. Qc3 Qa8 65. Qf3 Qb8+ 66. Qf4
Qa7 67. Rf2 Kg7 68. Qe5+ Kh7 69. Qxb5 Qe3+ 70. Kg2 Qe4+ 71. Rf3 Qc2+ 72. Kg3
Qc7+ 73. Kg2 Qc2+ 74. Kg1 Qd1+ 75. Qf1 Qd4+ 76. Qf2 Qd1+ 77. Kg2 Qd5 78. b5 f5
79. gxf5 gxf5 80. b6 Qc6 81. Kh2 Qd6+ 82. Rf4 Kg6 83. b7 Qb8 84. Qg3+ Kh7 85.
Rb4 f4 86. Qxf4 Qe8 87. Qe4+ 1-0

[Event "Tata Steel India Blitz w"]
[Site "Kolkata IND"]
[Date "2024.11.16"]
[Round "1.5"]
[White "Dronavalli, Harika"]
[Black "Gunina, Valentina"]
[Result "0-1"]
[WhiteTitle "GM"]
[BlackTitle "GM"]
[WhiteElo "2493"]
[BlackElo "2425"]
[WhiteFideId "5015197"]
[BlackFideId "4167570"]
[EventDate "2024.11.16"]

1. b3 d5 2. Bb2 Bf5 3. d3 Nf6 4. Nd2 e6 5. g3 h6 6. Bg2 Be7 7. e4 Bh7 8. Nh3 O-O
9. O-O c5 10. Nf4 Nc6 11. e5 Nd7 12. Re1 Qc7 13. Nf3 d4 14. Qe2 g5 15. Nh5 Bg6
16. g4 Bxh5 17. gxh5 g4 18. Nd2 Ncxe5 19. Nc4 Bf6 20. Bc1 Bg7 21. Bf4 Nf3+ 22.
Qxf3 gxf3 23. Bxc7 fxg2 24. Kxg2 Nf6 25. Bd6 Rfc8 26. Kf3 Nxh5 27. Rg1 Kh7 28.
Rg4 Nf6 29. Rg2 Nd7 30. Rag1 Rg8 31. Be7 Rae8 32. Bd6 b5 33. Nd2 f5 34. Ke2 Be5
35. Bxe5 Nxe5 36. Nf3 Rxg2 37. Rxg2 Ng6 38. Rg1 e5 39. a4 b4 40. Nd2 e4 41. Nc4
Nf4+ 42. Kd2 exd3 43. cxd3 Re2+ 44. Kc1 Nxd3+ 45. Kb1 Nxf2 46. Nd6 d3 47. Nxf5
d2 0-1

[Event "Tata Steel India Blitz w"]
[Site "Kolkata IND"]
[Date "2024.11.16"]
[Round "2.1"]
[White "Divya, Deshmukh"]
[Black "Dronavalli, Harika"]
[Result "0-1"]
[WhiteTitle "IM"]
[BlackTitle "GM"]
[WhiteElo "2493"]
[BlackElo "2493"]
[WhiteFideId "35006916"]
[BlackFideId "5015197"]
[EventDate "2024.11.16"]

1. e4 e6 2. d4 d5 3. Nc3 Nf6 4. Bg5 Bb4 5. e5 h6 6. Bd2 Bxc3 7. bxc3 Ne4 8. Bc1
Nxc3 9. Qg4 g6 10. Ne2 Nxe2 11. Bxe2 b6 12. h4 Ba6 13. h5 g5 14. Bxa6 Nxa6 15.
f4 Qe7 16. fxg5 O-O-O 17. O-O Rdg8 18. c3 Nb8 19. a4 a5 20. Rf3 Nd7 21. Be3 hxg5
22. Raf1 Rh7 23. Rf6 Nxf6 24. Rxf6 Kb7 25. h6 Qa3 26. Bd2 Qb2 27. Rf2 Qb1+ 28.
Rf1 Qg6 29. Rf6 Qb1+ 30. Kh2 Qc2 31. Be1 Qxa4 32. Qf3 Qc6 33. Qd3 Rgh8 34. Kg1
Rxh6 35. Rxf7 Rh1+ 36. Kf2 a4 37. Bd2 a3 38. Qc2 Qc4 39. Kg3 a2 40. Bxg5 a1=Q
41. Kf3 Qaf1+ 0-1

[Event "Tata Steel India Blitz w"]
[Site "Kolkata IND"]
[Date "2024.11.16"]
[Round "2.2"]
[White "Koneru, Humpy"]
[Black "Gunina, Valentina"]
[Result "0-1"]
[WhiteTitle "GM"]
[BlackTitle "GM"]
[WhiteElo "2530"]
[BlackElo "2425"]
[WhiteFideId "5008123"]
[BlackFideId "4167570"]
[EventDate "2024.11.16"]

1. Nf3 d5 2. d4 Nf6 3. c4 c6 4. e3 Bf5 5. Nc3 e6 6. Nh4 Bg6 7. Nxg6 hxg6 8. Bd2
Be7 9. Qc2 Nbd7 10. cxd5 exd5 11. O-O-O a5 12. e4 dxe4 13. Nxe4 Nxe4 14. Qxe4
Nf6 15. Qf3 Qd5 16. Qxd5 Nxd5 17. Bc4 Kd7 18. Bxd5 cxd5 19. h3 a4 20. a3 Rac8+
21. Kb1 Rc4 22. Be3 g5 23. Rc1 b5 24. Rxc4 bxc4 25. Kc2 f5 26. f3 Bf6 27. Re1
Re8 28. Kc3 Rb8 29. Bf2 g6 30. Kc2 Rb3 31. Ra1 Ke6 32. Re1+ Kf7 33. Ra1 Bd8 34.
Rb1 Ba5 35. Ra1 c3 36. bxc3 Rxc3+ 37. Kb2 Rb3+ 38. Ka2 Rd3 39. Rb1 Bc3 40. Rb7+
Ke8 41. Kb1 Rd2 42. Be1 Rd1+ 43. Kc2 Rxe1 44. Kxc3 Re3+ 45. Kb2 Re2+ 46. Kc3
Rxg2 47. Rb4 Rg3 48. Rxa4 Rxf3+ 49. Kd2 Rxh3 50. Ra5 g4 51. Ke2 Kf7 52. Kf2 Kf6
53. a4 Ra3 54. Ra8 Kg5 55. a5 Kf4 56. a6 Ra2+ 57. Ke1 g3 0-1

[Event "Tata Steel India Blitz w"]
[Site "Kolkata IND"]
[Date "2024.11.16"]
[Round "2.3"]
[White "Vaishali, Rameshbabu"]
[Black "Lagno, Kateryna"]
[Result "0-1"]
[WhiteTitle "GM"]
[BlackTitle "GM"]
[WhiteElo "2490"]
[BlackElo "2527"]
[WhiteFideId "5091756"]
[BlackFideId "14109336"]
[EventDate "2024.11.16"]

1. d4 d5 2. Nf3 e6 3. e3 Nf6 4. Bd3 c5 5. b3 Nc6 6. Bb2 cxd4 7. exd4 Qc7 8. O-O
Bd6 9. Re1 Nb4 10. a3 Nxd3 11. Qxd3 O-O 12. Nbd2 b6 13. Ne5 Bb7 14. Rac1 Rfd8
15. Re3 Rac8 16. h3 Qe7 17. Ra1 Rc7 18. c4 Rcc8 19. Qe2 dxc4 20. bxc4 Ba8 21.
Re1 Qb7 22. Rg3 Ne8 23. Rg4 Qe7 24. Ndf3 f6 25. Nd3 Nc7 26. Nf4 Bxf4 27. Rxf4 a6
28. d5 e5 29. Rg4 b5 30. Nd4 Qd7 31. Nf3 bxc4 32. Nxe5 fxe5 33. Qxe5 Ne8 34. Qg5
Qf7 35. Re7 Qg6 36. Qe5 Rxd5 37. Rxe8+ Rxe8 38. Qg3 Qb1+ 39. Kh2 Qxb2 40. Rxc4
Qe5 41. f4 Qf6 42. Rc7 Rd2 43. Qb3+ Bd5 0-1

[Event "Tata Steel India Blitz w"]
[Site "Kolkata IND"]
[Date "2024.11.16"]
[Round "2.4"]
[White "Kosteniuk, Alexandra"]
[Black "Vantika, Agrawal"]
[Result "0-1"]
[WhiteTitle "GM"]
[BlackTitle "IM"]
[WhiteElo "2487"]
[BlackElo "2392"]
[WhiteFideId "4128125"]
[BlackFideId "25050389"]
[EventDate "2024.11.16"]

1. e4 e6 2. d4 d5 3. e5 c5 4. c3 Nc6 5. Nf3 Bd7 6. Be2 Nge7 7. Na3 cxd4 8. cxd4
Nf5 9. Nc2 Be7 10. O-O O-O 11. Bd3 Rc8 12. Rb1 f6 13. Kh1 fxe5 14. dxe5 a5 15.
g4 Nh4 16. Nxh4 Bxh4 17. g5 Nxe5 18. Be2 Bxf2 19. Nd4 Bxd4 20. Qxd4 Rxf1+ 21.
Bxf1 Nc6 22. Qh4 e5 23. Bg2 Be6 24. Be3 d4 25. Be4 g6 26. Bd2 Bd5 27. Rf1 Qd7
28. Kg1 Bxe4 29. Qxe4 Rf8 30. Rxf8+ Kxf8 31. Qf3+ Kg8 32. h4 Qf7 33. Qh3 Qf5 34.
Qb3+ Qf7 35. Qh3 Qe7 36. h5 gxh5 37. Qxh5 e4 38. g6 hxg6 39. Qd5+ Kg7 40. Bg5
Qf7 41. Bh6+ Kg8 42. Qxe4 Kh7 43. Bg5 Qf5 44. Qh4+ Kg8 45. Bf6 Qh5 46. Qe4 Kf7
47. Bh4 Qd1+ 48. Kf2 Qd2+ 49. Kf3 Qd1+ 50. Kf2 Qh5 51. Kg2 Qf5 52. Qe2 d3 53.
Qd1 Qe4+ 54. Kg3 Nd4 55. Bg5 Nf5+ 56. Kh3 Nd4 57. Kg3 Qe5+ 58. Bf4 Ne2+ 59. Kf2
Qxf4+ 0-1

[Event "Tata Steel India Blitz w"]
[Site "Kolkata IND"]
[Date "2024.11.16"]
[Round "2.5"]
[White "Goryachkina, Aleksandra"]
[Black "Dzagnidze, Nana"]
[Result "1-0"]
[WhiteTitle "GM"]
[BlackTitle "GM"]
[WhiteElo "2528"]
[BlackElo "2518"]
[WhiteFideId "4147103"]
[BlackFideId "13601903"]
[EventDate "2024.11.16"]

1. e4 c6 2. d4 d5 3. e5 c5 4. dxc5 e6 5. a3 Bxc5 6. Nf3 Ne7 7. b4 Bb6 8. Bb2
Nbc6 9. Bd3 Ng6 10. g3 Bd7 11. Qe2 Rc8 12. Nbd2 O-O 13. h4 f6 14. exf6 gxf6 15.
Bxg6 hxg6 16. h5 g5 17. h6 Kh7 18. Nxg5+ fxg5 19. Qd3+ Rf5 20. g4 Qc7 21. gxf5
Ne5 22. Qe2 d4 23. fxe6 Bc6 24. Rg1 g4 25. Rxg4 Nxg4 26. Qxg4 Rg8 27. Qf5+ Kh8
28. O-O-O Qd8 29. Nb3 Qg5+ 30. Qxg5 Rxg5 31. Nxd4 Bxd4 32. Bxd4+ Kh7 33. Bxa7
Rf5 34. Bc5 Kxh6 35. e7 Re5 36. Kb2 Kg6 37. Kc3 Re2 38. Rd2 Re4 39. Kb3 Re6 40.
c3 Re4 41. a4 Re6 42. b5 Be8 43. Kb4 Kf7 44. Rd4 Re1 45. Rf4+ Ke6 46. c4 Rb1+
47. Ka5 Ra1 48. Kb6 Rxa4 49. Kxb7 Ra2 50. Kc7 1-0

[Event "Tata Steel India Blitz w"]
[Site "Kolkata IND"]
[Date "2024.11.16"]
[Round "3.1"]
[White "Vantika, Agrawal"]
[Black "Goryachkina, Aleksandra"]
[Result "0-1"]
[WhiteTitle "IM"]
[BlackTitle "GM"]
[WhiteElo "2392"]
[BlackElo "2528"]
[WhiteFideId "25050389"]
[BlackFideId "4147103"]
[EventDate "2024.11.16"]

1. d4 Nf6 2. c4 e6 3. Nf3 d5 4. Nc3 Nbd7 5. Qc2 c6 6. e3 Bd6 7. g4 h6 8. g5 hxg5
9. Nxg5 Qe7 10. Bd2 b6 11. h4 Bb7 12. cxd5 Nxd5 13. e4 Nxc3 14. bxc3 O-O-O 15.
Qa4 Kb8 16. e5 Nxe5 17. dxe5 Bxe5 18. O-O-O Rd5 19. Nf3 Ra5 20. Qb3 Bd6 21. a4
Rd8 22. Bg5 f6 23. Be3 c5 24. Bg2 c4 25. Qc2 e5 26. h5 Qe8 27. Nh4 Bxg2 28. Nxg2
Rxa4 29. Kd2 Qc6 30. Rhg1 Ra5 31. Ke2 Qe8 32. Qf5 e4 33. Nh4 Rxf5 34. Nxf5 Qxh5+
35. Ke1 Qxf5 36. Rxg7 Bc7 37. Rxd8+ Bxd8 38. Rg8 Kc8 39. Bd4 Kd7 40. Rg7+ Be7
41. Rg8 Ke6 42. Ra8 Qa5 43. Ke2 f5 44. f3 Qa2+ 45. Kf1 exf3 0-1

[Event "Tata Steel India Blitz w"]
[Site "Kolkata IND"]
[Date "2024.11.16"]
[Round "3.2"]
[White "Lagno, Kateryna"]
[Black "Kosteniuk, Alexandra"]
[Result "1/2-1/2"]
[WhiteTitle "GM"]
[BlackTitle "GM"]
[WhiteElo "2527"]
[BlackElo "2487"]
[WhiteFideId "14109336"]
[BlackFideId "4128125"]
[EventDate "2024.11.16"]

1. e4 c6 2. d4 d5 3. e5 c5 4. Nf3 Nc6 5. dxc5 Bg4 6. Bb5 Qa5+ 7. Nc3 e6 8. Be3
Ne7 9. a3 Qc7 10. h3 Bxf3 11. Qxf3 a6 12. Ba4 O-O-O 13. Bf4 Ng6 14. Bg3 Bxc5 15.
Bxc6 Qxc6 16. O-O Rhf8 17. Qd3 Bb6 18. Ne2 Qc4 19. Qf3 Bc7 20. Qh5 Qxc2 21. Rac1
Qxb2 22. Qf3 Kb8 23. Rb1 Qd2 24. Qb3 b5 25. Nc1 d4 26. a4 Qc3 27. Qa2 Rd5 28.
axb5 Rxb5 29. Ne2 Qa5 30. Rxb5+ axb5 31. Qc2 Qb6 32. Rb1 Rd8 33. Qd3 Rd5 34. f4
Ne7 35. Bf2 Nf5 36. g4 Ne3 37. Rb4 Qc5 38. Rxd4 Rxd4 39. Nxd4 Qc1+ 40. Kh2 Nc4
41. Nxb5 Qxf4+ 42. Kg2 Nxe5 43. Qe2 Qc4 44. Qb2 Qd5+ 45. Kg1 Nf3+ 46. Kf1 Nd2+
47. Kg1 Nf3+ 48. Kf1 Be5 49. Nc3+ Kc8 50. Qa3 Qc4+ 51. Kg2 Qxc3 52. Qf8+ Kb7 53.
Qxf7+ Bc7 54. Qxf3+ Qxf3+ 55. Kxf3 Kc6 56. Ke4 Kd7 57. Bd4 g6 58. h4 Bg3 59. h5
gxh5 60. gxh5 Bd6 61. Bf6 Ke8 62. Bg5 Kf7 63. Kf3 Be7 64. Be3 Kf6 65. Ke4 Bf8
66. Bd2 Bc5 67. Bc1 Bf2 68. Bd2 Bh4 69. Be3 Bg5 70. Bd4+ Kf7 71. Be5 1/2-1/2

[Event "Tata Steel India Blitz w"]
[Site "Kolkata IND"]
[Date "2024.11.16"]
[Round "3.3"]
[White "Dronavalli, Harika"]
[Black "Vaishali, Rameshbabu"]
[Result "1/2-1/2"]
[WhiteTitle "GM"]
[BlackTitle "GM"]
[WhiteElo "2493"]
[BlackElo "2490"]
[WhiteFideId "5015197"]
[BlackFideId "5091756"]
[EventDate "2024.11.16"]

1. Nf3 c5 2. c4 Nf6 3. g3 d5 4. Bg2 Nc6 5. cxd5 Nxd5 6. Nc3 Nc7 7. O-O e5 8. a3
Rb8 9. d3 Be7 10. Nd2 O-O 11. Nc4 f6 12. Rb1 Be6 13. f4 exf4 14. Bxf4 Rc8 15.
Ne3 Qd7 16. Bxc7 Rxc7 17. Ned5 Rcc8 18. Kh1 Bd6 19. e3 Be5 20. Qe2 b6 21. e4 Nd4
22. Qf2 Qd6 23. Nf4 Bf7 24. Ncd5 c4 25. dxc4 Rxc4 26. Rbc1 Rfc8 27. Rxc4 Rxc4
28. Rd1 Rc2 29. Qe3 Rxb2 30. Qc3 Rc2 31. Qd3 Qc5 32. Qe3 h6 33. a4 Kh8 34. Qg1
a6 35. Nd3 Qd6 36. N3f4 Qc5 37. Qf1 b5 38. axb5 Qxb5 39. Nd3 Bb8 40. Rb1 Qe8 41.
N3b4 Rc8 42. Nxa6 Be5 43. Nab4 Bg6 44. Nd3 Kh7 45. N5f4 Bf7 46. Nd5 Rc2 47. Nxe5
Qxe5 48. Rd1 Bg6 49. Re1 Ne6 50. Nf4 Bf7 51. Nxe6 Bxe6 52. Qf4 Qd4 53. Qf3 Rf2
54. Qe3 Qb2 55. Rg1 Bh3 56. Qxf2 Qxf2 57. Bxh3 Qe3 58. Bg2 h5 59. Rf1 Kh6 60.
Rd1 h4 61. gxh4 Qf4 62. Rf1 Qxh4 63. Rf3 Qe1+ 64. Rf1 Qe2 65. h3 Kg5 66. Rf5+
Kh4 67. Rf4+ Kg5 68. Rg4+ Kh6 69. Rh4+ Kg6 70. Rg4+ Kf7 71. Rf4 Qd1+ 72. Rf1 Qd2
73. Kh2 Ke6 74. Rf5 g6 75. Rf1 Ke5 76. Kh1 Qe3 77. Kh2 Qg5 78. Kh1 Kd4 79. Rf3
Qh4 80. Rf1 Ke3 81. Rf3+ Ke2 82. Rf1 Qg5 83. Rf3 Qc1+ 84. Kh2 Qc7+ 85. Kh1 Qe5
86. Rf1 Qc3 87. Kh2 Qe5+ 88. Kh1 Qg5 89. Kh2 Ke3 90. Rf3+ Kd4 91. Rf1 Qh4 92.
Kh1 Ke5 93. Kh2 Qh8 94. Kh1 g5 95. Rf5+ Kd4 96. Kg1 Ke3 97. Rf3+ Ke2 98. Rf2+
Kd3 99. Rf3+ Kd4 100. Rf5 Qg7 101. Kh2 Qc7+ 102. Kg1 Qb6 103. Kh2 Ke3 104. Rf3+
Ke2 105. Rf5 Qd6+ 106. Kh1 Qe7 107. Kh2 Qc7+ 108. Kh1 Qc3 109. Kh2 Qc7+ 110. Kh1
Qg7 111. Kh2 Ke3 112. Rf3+ Kd4 113. Rf5 Qh6 114. Kg1 Ke3 115. Rf3+ Kd4 116. Rf5
Kc4 117. Rf1 Kc5 118. Rf5+ Kd6 119. Rf1 Qg6 120. Rf5 Ke6 121. Kh2 Qh5 122. Kg1
Qh4 123. Rf1 Qg3 124. Rf3 Qe1+ 125. Rf1 Qe3+ 126. Kh2 Qd4 127. Rf5 Qd6+ 128. Kg1
Qg3 129. Rf3 Qh4 130. Rf5 Qe1+ 1/2-1/2

[Event "Tata Steel India Blitz w"]
[Site "Kolkata IND"]
[Date "2024.11.16"]
[Round "3.4"]
[White "Dzagnidze, Nana"]
[Black "Koneru, Humpy"]
[Result "0-1"]
[WhiteTitle "GM"]
[BlackTitle "GM"]
[WhiteElo "2518"]
[BlackElo "2530"]
[WhiteFideId "13601903"]
[BlackFideId "5008123"]
[EventDate "2024.11.16"]

1. d4 e6 2. c4 f5 3. Nc3 Nf6 4. g3 Be7 5. Bg2 d5 6. Bf4 c6 7. Nf3 O-O 8. O-O Ne4
9. Rc1 Nd7 10. Ne5 Bf6 11. Nxe4 fxe4 12. Ng4 Bg5 13. e3 Be7 14. h4 Nf6 15. Ne5
Bd7 16. Bh3 Qc8 17. cxd5 exd5 18. Nxd7 Nxd7 19. Qg4 Rd8 20. Qe6+ Kf8 21. h5 Nb6
22. h6 Qxe6 23. hxg7+ Kf7 24. Bxe6+ Kxe6 25. Kg2 Rg8 26. Bh6 Bf6 27. Rh1 Bxg7
28. Bf4 Rh8 29. Rh5 Raf8 30. b3 Nd7 31. Rch1 Nf6 32. R5h4 h5 33. Be5 Rh6 34. a4
Rfh8 35. Bf4 R6h7 36. R4h3 Ng4 37. b4 a6 38. b5 axb5 39. axb5 cxb5 40. Rb1 Rc8
41. Rxb5 Bf6 42. Rb6+ Rc6 43. Rb5 Rc2 44. Rb6+ Kf5 45. Rd6 Rxf2+ 46. Kg1 Rb2 47.
Rxd5+ Kg6 48. Rd6 b5 49. Be5 Ra7 50. d5 Ra1# 0-1

[Event "Tata Steel India Blitz w"]
[Site "Kolkata IND"]
[Date "2024.11.16"]
[Round "3.5"]
[White "Gunina, Valentina"]
[Black "Divya, Deshmukh"]
[Result "0-1"]
[WhiteTitle "GM"]
[BlackTitle "IM"]
[WhiteElo "2425"]
[BlackElo "2493"]
[WhiteFideId "4167570"]
[BlackFideId "35006916"]
[EventDate "2024.11.16"]

1. d4 Nf6 2. c4 e6 3. Nf3 d5 4. Nc3 Nbd7 5. Bf4 dxc4 6. e3 b5 7. Nxb5 Bb4+ 8.
Nc3 Nd5 9. a3 Nxc3 10. Qd2 Bxa3 11. Qxc3 Bd6 12. Bxd6 cxd6 13. Bxc4 Bb7 14. d5
e5 15. O-O O-O 16. e4 Nc5 17. Nd2 a5 18. Ra3 a4 19. Rfa1 Qb6 20. Be2 Rfc8 21.
Nc4 Qd8 22. Qe3 Ba6 23. Nd2 Bxe2 24. Qxe2 Rcb8 25. Nc4 Nb3 26. Rf1 Nd4 27. Qg4
Rb4 28. Rg3 g6 29. Rc3 h5 30. Qd1 Nb5 31. Rc1 Rc8 32. Qd3 Nd4 33. f4 Qc7 34.
fxe5 dxe5 35. d6 Qc5 36. d7 Rd8 37. Ne3 Qa7 38. Kh1 Rb3 39. Qc4 Rxd7 40. Nd5 Kg7
41. Nf6 Rd8 42. Ra1 Rxb2 43. Rxa4 Qb7 44. Nd5 Rb1 45. Ra1 Rb8 46. h3 Rxa1 47.
Rxa1 Qb2 48. Rf1 Qc2 49. Qa6 Qc6 50. Qa3 Rb7 51. Qg3 Qb5 52. Qxe5+ Kh7 53. Nf6+
Kh6 54. Qf4+ g5 55. Qc1 Rc7 56. Qd1 Ne2 57. Qd6 Ng3+ 58. Qxg3 Qxf1+ 59. Kh2 Rc1
60. Ng8+ Kh7 61. Qxg5 Qg1+ 62. Kg3 Rc3+ 63. Kh4 Qe1+ 64. Kxh5 Qe2+ 65. Kh4 Qxe4+
66. g4 Qe1+ 67. Kh5 Rxh3+ 0-1

[Event "Tata Steel India Blitz w"]
[Site "Kolkata IND"]
[Date "2024.11.16"]
[Round "4.1"]
[White "Vaishali, Rameshbabu"]
[Black "Gunina, Valentina"]
[Result "0-1"]
[WhiteTitle "GM"]
[BlackTitle "GM"]
[WhiteElo "2490"]
[BlackElo "2425"]
[WhiteFideId "5091756"]
[BlackFideId "4167570"]
[EventDate "2024.11.16"]

1. Nc3 d5 2. d4 Nf6 3. Bf4 e6 4. Nb5 Na6 5. e3 Be7 6. h4 c6 7. Nc3 c5 8. Bxa6
bxa6 9. Nf3 a5 10. h5 Ba6 11. h6 g6 12. Ne5 Rc8 13. dxc5 Bxc5 14. Nd3 Be7 15.
O-O Rg8 16. Re1 g5 17. Bg3 Ne4 18. Nxe4 dxe4 19. Ne5 Qxd1 20. Rexd1 f6 21. Nd7
Bb5 22. Nb8 e5 23. a4 Bc4 24. b3 Be6 25. Na6 Kf7 26. b4 axb4 27. Rab1 Rc4 28. a5
Rgc8 29. Rb2 Rxc2 30. Rdb1 Rxb2 31. Rxb2 b3 0-1

[Event "Tata Steel India Blitz w"]
[Site "Kolkata IND"]
[Date "2024.11.16"]
[Round "4.2"]
[White "Kosteniuk, Alexandra"]
[Black "Dronavalli, Harika"]
[Result "0-1"]
[WhiteTitle "GM"]
[BlackTitle "GM"]
[WhiteElo "2487"]
[BlackElo "2493"]
[WhiteFideId "4128125"]
[BlackFideId "5015197"]
[EventDate "2024.11.16"]

1. e4 e6 2. d4 d5 3. exd5 exd5 4. Nf3 Nf6 5. Bd3 Bd6 6. O-O O-O 7. Bg5 h6 8. Bh4
Bg4 9. Nbd2 Re8 10. c4 g5 11. Bg3 Nc6 12. Qb3 Bxf3 13. Nxf3 Na5 14. Qc2 Nxc4 15.
Bxc4 dxc4 16. Qxc4 Ne4 17. Rfe1 Qd7 18. Rad1 Rad8 19. Qb3 b6 20. Be5 Qf5 21. Qd3
Bxe5 22. Rxe4 Qxe4 23. Qxe4 Bxh2+ 24. Kxh2 Rxe4 25. Rc1 Re7 26. g3 f6 27. Kg2
Kf7 28. Rc6 Rd6 29. Rc2 Rdd7 30. Rc4 Re4 31. Rc6 h5 32. d5 Ree7 33. b4 Rxd5 34.
Rc4 c5 35. b5 g4 36. Nh4 Rd4 37. Rc2 Re5 38. f4 Red5 39. Kf1 Rd2 40. Rc3 R5d3
41. Rc4 Rxa2 42. Nf5 Rd1# 0-1

[Event "Tata Steel India Blitz w"]
[Site "Kolkata IND"]
[Date "2024.11.16"]
[Round "4.3"]
[White "Goryachkina, Aleksandra"]
[Black "Lagno, Kateryna"]
[Result "1/2-1/2"]
[WhiteTitle "GM"]
[BlackTitle "GM"]
[WhiteElo "2528"]
[BlackElo "2527"]
[WhiteFideId "4147103"]
[BlackFideId "14109336"]
[EventDate "2024.11.16"]

1. e4 e5 2. Nf3 Nc6 3. Bb5 a6 4. Ba4 Nf6 5. O-O Bc5 6. c3 O-O 7. d4 Ba7 8. Bg5
h6 9. Bh4 exd4 10. Re1 d6 11. h3 b5 12. Bb3 Ne5 13. Nxd4 c5 14. Bd5 Rb8 15. Nf5
Ng6 16. Bg3 Bxf5 17. exf5 Ne7 18. Bf3 Nxf5 19. Bh2 Qd7 20. Nd2 c4 21. Ne4 Nxe4
22. Bxe4 Rbd8 23. Qf3 Ne7 24. Rad1 d5 25. Bc2 Rfe8 26. Re5 Bb8 27. Re2 Bxh2+ 28.
Kxh2 Qd6+ 29. Kg1 Nc6 30. Rxe8+ Rxe8 31. Qxd5 Qxd5 32. Rxd5 Re2 33. Rd6 Rxc2 34.
Rxc6 Rxb2 35. Rxa6 Rb1+ 36. Kh2 Rc1 37. Rb6 Rxc3 38. Rxb5 Ra3 39. Rc5 Rxa2 40.
Rxc4 Rxf2 41. h4 g6 42. Kg1 Ra2 43. g3 Kg7 44. Rf4 Ra5 45. Kg2 f5 46. Rc4 Re5
47. Rc6 Kf7 48. Rb6 Re6 49. Rb5 Kf6 50. Ra5 g5 51. hxg5+ hxg5 52. Kf3 Rb6 53.
Rc5 g4+ 54. Kf2 Rb2+ 55. Kg1 Rd2 56. Kf1 Ke6 57. Ra5 Rd5 58. Ra4 Ke5 59. Ke2 Rd4
60. Ra8 Rb4 61. Re8+ Kd6 62. Rd8+ Ke7 63. Ra8 Rb2+ 64. Kf1 Rd2 65. Ra6 Rd6 66.
Ra5 Ke6 67. Ke2 Rd5 68. Ra8 Rb5 69. Re8+ Kd5 70. Rd8+ Ke4 71. Re8+ Re5 72. Rd8
Ra5 73. Re8+ Kd5 74. Rd8+ Ke6 75. Re8+ Kf7 76. Rb8 Ra2+ 77. Kf1 Kf6 78. Rb5 Ra3
79. Kf2 Rf3+ 80. Kg2 Re3 81. Kf2 Re5 82. Rb6+ Kg5 83. Rc6 Ra5 84. Rb6 Ra2+ 85.
Kf1 Ra3 86. Kf2 Rf3+ 87. Kg2 Re3 88. Kf2 Re8 89. Ra6 Rf8 90. Rb6 Rf6 91. Rb5 Re6
92. Ra5 Kf6 93. Rb5 Re5 94. Rb6+ Ke7 95. Ra6 Re6 96. Ra5 Kf6 97. Rb5 Rd6 98. Ra5
Ke6 99. Ke3 Kf6 1/2-1/2